| 000 | 00365 a2200169 4500 | ||
|---|---|---|---|
| 001 | 176239 | ||
| 020 | _a85-262-2028-4 | ||
| 040 | _cMagnum | ||
| 100 | _aFromental, Jean-Luc | ||
| 240 | 1 | 0 |
_aO caderno preto _lpor |
| 245 | 1 | 0 | _aO caderno preto |
| 300 | _a31 | ||
| 362 | 0 | _a1992 | |
| 440 | 1 | _aScipione | |
| 697 | _aLITERATURA JUVENIL ESTRANGEIRA | ||
| 942 | _cBK | ||
| 999 |
_c176239 _d176239 |
||